Die teuersten Fußballtransfers - Rechter Verteidiger - 2013-2014 - Statistiken

Allgemein
  • Dieses Quiz wurde 18 mal gespielt
  • Das Durchschnittsergebnis liegt bei 2 aus 10
Antwortstatistiken
Ablöse (M €) Nationalität Abgebender Verein Aufnehmender Verein Spieler % Korrekt
6,50 Spanien Bayer Leverkusen Real Madrid Daniel Carvajal
94%
20,00 Spanien FC Sevilla Manchester City Jesús Navas
88%
3,00 Italien Inter Mailand Bayer Leverkusen Giulio Donati
24%
2,40 Uruguay Peñarol Manchester United U21 Guillermo Varela
6%
4,88 Kroatien Dinamo Zagreb Genua CFC Sime Vrsaljko
6%
3,00 Russland Anzhi Loko Moskau Arseniy Logashov
0%
3,00 Griechenland Panathinaikos AFC Sunderland Charalampos Mavrias
0%
3,40 Brasilien Ponte Preta Santos Cicinho
0%
3,72 Argentinien Vélez Sarsfield Catania Calcio Gino Peruzzi
0%
6,00 Russland FK Krasnodar Zenti S-Pb Igor Smolnikov
0%
Keine übereinstimmenden Quizze gefunden
Verteilung der Resultate
Anzahl Personen mit jedem Resultat
Perzentil nach korrekt beantworteten Fragen
Ihre Resultats-Entwicklung
Sie haben dieses Quiz noch nicht gespielt